00875nam a22002537a 450000500170000001000130001702000230003003500130005303700160006604000120008208200160009410000270011024500590013726000460019627000480024230000280029050000330031865000290035165000430038070000270042394200250045099900190047595201270049420170124110237.0 aA-950400 c195.00a8120314204 aA-950400 bCen Lib/Ret aDPLbEN a005.43bCAL aCalabria, Jane 972730 aWindos 98 6in-1 /cby Jane Calabria and Dorothy Burke  aNew Delhi bPrentice Hall of India c1998 bNew Delhi aM-97, connaught circus e110001 axxiii, 576p.c23cm(pbk) aIncludes appendix and index  aComputer science 972731 aOperating systems -- Window 98 972732 aBurke, Dorothy 936874 2ddccENh005.43mCAL c134931d134931 00104070aLbLd2015-07-31eCen Lib/Retg195.00l0o005.43 CALpA-950400r2015-07-31 00:00:00t1v195.00w2015-07-31yEN